O vale do silêncio (Record no. 46300)

MARC details
000 -Etiqueta do registo
Valores 00744nam a2200241 4500
010 ## - Número ISBN
ISBN 9789897100376
021 ## - Número do Depósito Legal
Número 345810/12
100 ## - Dados gerais de processamento
Dados gerais 20120928d2012 m y0pory50030103ba
101 1# - Língua de publicação
Língua por
102 ## - País de publicação
País PT
200 1# - Titulo e menção de responsabilidade
Título próprio O vale do silêncio
Primeira menção de responsabilidade Nora Roberts
Outras menções de responsabilidade trad. Fernanda Semedo
-- rev. Idalina Morgado
205 ## - Menção da edição
Edição 1.ª ed.
210 #9 - Publicação
Local de publicação S. Pedro do Estoril
Nome do editor Chá das Cinco,
Data de publicação 2012
215 ## - Descrição física 
Paginação / Volumes 301, [1] p.
Dimensões 23 cm
675 ## - CDU
Notação 821.111(73)-31"19/20"
Edição BN
Língua por
700 #1 - Autor principal
Apelido Roberts,
Nome Nora,
702 #1 - Autor secundário
Apelido Semedo,
Nome Fernanda
Função 730
702 #1 - Autor secundário
Apelido Morgado,
Nome Idalina
Função 675
801 #0 - Fonte de origem
País PT
Agência BN
Regras de catalogação RPC
856 41 - Localização e acesso electrónico 
URL <a href="http://rnod.bnportugal.gov.pt/ImagesBN/winlibimg.aspx?skey=&doc=1819812&img=12290&save=true">http://rnod.bnportugal.gov.pt/ImagesBN/winlibimg.aspx?skey=&doc=1819812&img=12290&save=true</a>
990 ## - Elementos KOHA
Tipo de documento Livro
Holdings
Aquisição Empréstimo Código de barras Cota Permissão de empréstimo Tipo de documento Nota relativa ao exemplar
Biblioteca Municipal de Redondo Biblioteca Municipal de Redondo 057415 821.111(73)-3 ROB   Livro oferta de Franklim Amaro Cabreirinha

Powered by Koha